000 00332nam a22001457a 4500
008 221006b ||||| |||| 00| 0 eng d
020 _a0721681980
041 _aeng
080 _26TH EDITION
_a610.73
082 _a610.73 BLA
100 _a5
101 _aINF
245 _aMEDICAL SURGICAL NURSING
_cBLACK M.J
942 _2udc
_cBK
999 _c58375
_d58375